Statistiche per Classifica Marcatori Serie A 2017-2018

Clicka qui per fare il quiz!

Statistiche generali

  • Questo quiz è stato fatto 90 volte
  • Il punteggio medio è 14 su 18

Statistiche sulle risposte

GolNazioneSquadraCalciatore% Corretto
29ItaliaLazioCiro Immobile
100%
22ArgentinaJuventusPaulo Dybala
100%
18BelgioNapoliDries Mertens
99%
19ItaliaSampdoriaFabio Quagliarella
99%
29ArgentinaInterMuro Icardi
99%
16BosniaRomaEdin Džeko
96%
16ArgentinaJuventusGonzalo Higuain
96%
11CroaziaInterIvan Perišić
88%
11SloveniaAtalantaJosip Iličić
87%
12SerbiaLazioSergej Milinković-Savić
83%
11SpagnaLazioLuis Alberto
78%
11ColombiaSampdoriaDuván Zapata
77%
11ItaliaCagliariLeonardo Pavoletti
70%
12SpagnaTorinoIago Falque
57%
14ArgentinaFiorentinaGiovanni Simeone
52%
11ItaliaSPALMirko Antenucci
40%
12ItaliaChievoRoberto Inglese
34%
12ItaliaUdineseKevin Lasagna
27%

Distribuzione punteggi

Percentile per numero di risposta

Percentuale di utenti per punteggio

I tuoi punteggi nel tempo

Non hai fatto questo quiz